<?xml version="1.0" encoding="UTF-8"?>
<collection xmlns="http://www.loc.gov/MARC21/slim">
  <record>
    <leader>00000nam  2200000   4500</leader>
    <controlfield tag="001">INLIS000000000017024</controlfield>
    <controlfield tag="005">20240528105931</controlfield>
    <datafield tag="035" ind1="#" ind2="#">
      <subfield code="a">0010-0524000050</subfield>
    </datafield>
    <controlfield tag="007">ta</controlfield>
    <controlfield tag="008">240528################|##########|#|##</controlfield>
    <datafield tag="084" ind1="#" ind2="#">
      <subfield code="a">R 012 PIM I 2023</subfield>
    </datafield>
    <datafield tag="100" ind1=" " ind2="#">
      <subfield code="a">Bambang Hery Sukmajadi</subfield>
    </datafield>
    <datafield tag="245" ind1="1" ind2="#">
      <subfield code="a">Kolaborasi Penilaian Calon Investor Berbasis Risiko dalam Rangka Mendukung Keamanan Investasi di Ibu Kota Negara (IKN) Nusantara /</subfield>
      <subfield code="c">Bambang Hery Sukmajadi</subfield>
    </datafield>
    <datafield tag="260" ind1="#" ind2="#">
      <subfield code="a">Jakarta :</subfield>
      <subfield code="b">Pusbangkom Pimnas dan Manajerial ASN,</subfield>
      <subfield code="c">2023</subfield>
    </datafield>
    <datafield tag="300" ind1="#" ind2="#">
      <subfield code="a">55 halaman :</subfield>
      <subfield code="b">ilus ;</subfield>
      <subfield code="c">30 cm</subfield>
    </datafield>
    <datafield tag="650" ind1="#" ind2="4">
      <subfield code="a">Penilaian  Calon Investor</subfield>
    </datafield>
    <datafield tag="520" ind1="#" ind2="#">
      <subfield code="a">Proses penilaian terhadap calon investor IKN merupakan hal yang strategis untuk dilakukan agar tidak terdapat calon investor IKN merupakan hal yang strategis untuk dilakukan agar tidak terdapat ancaman atau risiko kegagalan investasi yang dapat menghambat pembangunan IKN. Beberapa hal yang telah dilakukan yakni, proper telah menghasilkan (1) draf kebijakan pimpinan, (2) proper telah menyusun draft lanjutan Nota Kesepahamanan, (3) membahas Rancangan Satgas pelaksanaan kolaborasi penilaian calin investor berbasis risiko, (4) menetapkan desain permodelan resiko calon investor IKN secara kolaboratif, (5) proper telah meningkatkan kapasitas SDM secara terpadu.</subfield>
    </datafield>
    <datafield tag="856" ind1="#" ind2="#">
      <subfield code="a">Perpustakaan LAN Pusat</subfield>
    </datafield>
    <datafield tag="990" ind1="#" ind2="#">
      <subfield code="a">24.05.012</subfield>
    </datafield>
  </record>
</collection>
